Reverse Dictionary #73 - Statistics

General Stats
  • This quiz has been taken 32 times
  • The average score is 17 of 25
Answer Stats
Definition First
Letter
Word % Correct
(anatomy) The front part of the head of a human or other animal, featuring the eyes, nose, and mouth, and the surrounding area. F Face
92%
To bend (any thin material, such as paper) over so that it comes in contact with itself. F Fold
92%
To try to see, to pay attention to with one’s eyes. L Look
92%
The smallest unit of language that has a particular meaning and can be expressed by itself; the smallest discrete, meaningful unit of language. W Word
92%
Someone hired to show people around a place or an institution and offer information and explanation, or to lead them through dangerous terrain. G Guide
88%
To make better from a disease, wound, etc.; to revive or cure. H Heal
88%
Giving aid; useful. H Helpful
88%
The part of the forelimb below the forearm or wrist in a human, and the corresponding part in many other animals. H Hand
85%
The sharp tip of an object. P Point
85%
To raise or rise. L Lift
81%
A loud, emphatic, exclamation of extreme emotion, especially horror, fear, excitement, or anger; it may comprise a word or a sustained, high-pitched vowel sound. S Scream
81%
To make a judgment, especially after deliberation. D Decide
73%
A beverage based on milk, eggs, sugar, and nutmeg; often made alcoholic with rum, brandy, or whisky; popular at Christmas. E Eggnog
73%
To puzzle, perplex, baffle, bewilder (somebody); to afflict by being complicated, contradictory, or otherwise difficult to understand. C Confuse
69%
(of a person) To control the functioning of (a machine, process, or system). O Operate
69%
To allow (something) to happen. P Permit
69%
An elongated piece of wood or similar material, typically put to some use, for example as a wand, cane or baton. S Stick
69%
A building or institution where money (originally, only coins) is produced under government license. M Mint
65%
Arousing laughter; funny. H Humorous
62%
An inflatable buoyant object, often (but not necessarily) round and flexible. B Balloon
54%
Having undergone a transformation into bone. O Ossified
46%
Moral and virtuous, perhaps to the point of sanctimony. R Righteous
42%
To move smoothly and quietly with gliding steps, in a stealthy or sensuous manner. S Slink
31%
Busy or vigorous action or movement. A Activity
27%
Sparing in the expenditure of money; frugal to excess. P Parsimonious
27%
No matching quizzes found
Score Distribution
Percent of People with Each Score
Percentile by Number Answered
Your Score History
You have not taken this quiz